000
00275nam a22001097a 4500
082
_a
823/SWA
100
_a
Swamy,L. S. Shankar
_9
79661
245
_a
Agnyatha: The Memoir of Tipu'sUnknown Commander
260
_a
Delhi
_b
Bee Books
_c
2018
650
_a
Novel
_9
79662
942
_c
BK
999
_c
63292
_d
63292